Rivista italiana di diritto penale / (Record no. 2173)
[ view plain ]
| 000 -LEADER | |
|---|---|
| campo de control de longitud fija | 01310nas a2200385 i 4500 |
| 001 - NÚMERO DE CONTROL | |
| campo de control | 2173 |
| 003 - IDENTIFICADOR DE NÚMERO DE CONTROL | |
| campo de control | ES-MaACL |
| 005 - FECHA Y HORA DE LA ÚLTIMA TRANSACCIÓN | |
| campo de control | 20250809062534.0 |
| 007 - CAMPO FIJO DE DESCRIPCIÓN FÍSICA--INFORMACIÓN GENERAL | |
| campo de control de longitud fija | t| |
| 008 - DATOS DE LONGITUD FIJA--INFORMACIÓN GENERAL | |
| campo de control de longitud fija | 950801c1948 it | | 1 ||ta d |
| 080 ## - NÚMERO DE LA CLASIFICACIÓN DECIMAL UNIVERSAL | |
| Número de la Clasificación Decimal Universal | (45) |
| 080 ## - NÚMERO DE LA CLASIFICACIÓN DECIMAL UNIVERSAL | |
| Número de la Clasificación Decimal Universal | 34 |
| 245 00 - MENCIÓN DEL TÍTULO | |
| Título | Rivista italiana di diritto penale / |
| Mención de responsabilidad, etc. | dir. Giacomo Delitala, Francesco Antolisei, Biagio Petrocelli. |
| 246 03 - FORMA VARIANTE DEL TITULO | |
| Título propio/Titulo breve | Rivista italiana di diritto e procedura penale |
| 260 ## - PUBLICACIÓN, DISTRIBUCIÓN, ETC. | |
| Lugar de publicación, distribución, etc. | Milano : |
| Nombre del editor, distribuidor, etc. | A. Giuffre, |
| Fecha de publicación, distribución, etc. | 1948- ( |
| Lugar de fabricación/manufactura | Varese : |
| Fabricante | A.L.A) |
| 300 ## - DESCRIPCIÓN FÍSICA | |
| Extensión | 53 v. ; |
| Dimensiones | 25 cm. |
| 310 ## - PERIODICIDAD ACTUAL | |
| Periodicidad actual | Trimestral |
| 321 ## - PERIODICIDAD ANTERIOR | |
| Periodicidad anterior | Bimestral, |
| Fechas de la periodicidad anterior | 1948-53 |
| 321 ## - PERIODICIDAD ANTERIOR | |
| Periodicidad anterior | Anual, |
| Fechas de la periodicidad anterior | 1954-55 |
| 321 ## - PERIODICIDAD ANTERIOR | |
| Periodicidad anterior | Bimestral, |
| Fechas de la periodicidad anterior | 1956-57 |
| 321 ## - PERIODICIDAD ANTERIOR | |
| Periodicidad anterior | Anual, |
| Fechas de la periodicidad anterior | 1958-73 |
| 362 0# - FECHAS DE PUBLICACIÓN Y/O DESIGNACIÓN SECUENCIAL | |
| Fecha de publicación y/o designación secuencial | Año I (1948)- |
| 650 17 - PUNTO DE ACCESO ADICIONAL DE MATERIA--TÉRMINO DE MATERIA | |
| Término de materia o nombre geográfico como elemento de entrada | Derecho |
| Fuente del encabezamiento o término | embne |
| 9 (RLIN) | 11602 |
| 655 #7 - TERMINO DE INDIZACIÓN--GENERO/FORMA | |
| Fuente del término | tgfbne |
| 9 (RLIN) | 226866 |
| Datos o término principal de género/forma | Revistas |
| 700 1# - ENTRADA AGREGADA--NOMBRE PERSONAL | |
| Nombre de persona | Delitala, Giacomo, |
| 9 (RLIN) | 194419 |
| 700 1# - ENTRADA AGREGADA--NOMBRE PERSONAL | |
| Nombre de persona | Antolisei, Francesco, |
| 9 (RLIN) | 194420 |
| 700 1# - ENTRADA AGREGADA--NOMBRE PERSONAL | |
| Nombre de persona | Petrocelli, Biagio, |
| 9 (RLIN) | 194421 |
| 700 1# - ENTRADA AGREGADA--NOMBRE PERSONAL | |
| Nombre de persona | Leone, G., |
| 9 (RLIN) | 227631 |
| 852 ## - LOCALIZACIÓN | |
| Ubicación | ES-MaACL |
| Número de control de estantería | HEM-H-139 |
| Signatura antigua | Olim: HEM-1169 |
| 856 ## - LOCALIZACIÓN Y ACCESO ELECTRÓNICOS | |
| Identificador Uniforme de Recursos | <a href="https://dialnet.unirioja.es/servlet/revista?codigo=1311">https://dialnet.unirioja.es/servlet/revista?codigo=1311</a> |
| Texto de enlace | Sumarios de la revista en Dialnet |
| 866 #0 - MENCIÓN TEXTUAL DE FONDOS--UNIDAD BIBLIOGRÁFICA BÁSICA | |
| Fondos | 1952-1991(1992-1993)1994-2004. |
| Faltantes | 1992 (n.3) 1993 (n.2-4) |
| 942 ## - ELEMENTOS DE ENTRADA SECUNDARIOS (KOHA) | |
| Fuente del sistema de clasificación o colocación | Clasificación decimal universal |
| Tipo de ítem Koha | Revista |
| Estatus retirado | Estado de pérdida | Estado de daño | No para préstamo | Colección | Biblioteca de origen | Biblioteca actual | Ubicación en estantería | Fecha de adquisición | Fuente de adquisición | Total de préstamos | Signatura topográfica completa | Código de barras | Visto por última vez | Precio de reemplazo | Tipo de ítem Koha |
|---|---|---|---|---|---|---|---|---|---|---|---|---|---|---|---|
| Periódicos y Revistas | Biblioteca del Ateneo de Madrid | Biblioteca del Ateneo de Madrid | Hemeroteca | 17/01/2008 | HEM-H-139 | 1002212 | 23/02/2023 | 23/02/2023 | Revista |
